000 00382nam a22001817a 4500
999 _c53924
_d53924
003 OSt
005 20260401120034.0
008 260401b ||||| |||| 00| 0 eng d
020 _a9788121905206
040 _cMUIT
082 _a620
100 _aKHURMI R S
245 _aTHEORY OF STRUCTURES
250 _aREVISED
260 _aNOIDA
_bS CHAND
300 _a710
942 _cBK